| 000 | 00494 a2200181 4500 | ||
|---|---|---|---|
| 020 | _a8173661979 | ||
| 040 | _aDLC | ||
| 082 | _a005.133 | ||
| 100 | _aRobinson, Simon | ||
| 245 |
_aProfessional C# _cSimon Robinson |
||
| 260 |
_aBirmingham, UK : _bWrox Press, _cc2001. |
||
| 300 |
_axxi, 1311 p. : _bill. ; _c23 cm. |
||
| 440 | _aProgrammer to programmer | ||
| 500 | _aIncludes index. | ||
| 650 | _aC# (Computer program language) | ||
| 700 | _aRobinson, Simon | ||
| 942 |
_cBK _k005.133 ROB _2ddc |
||
| 999 |
_c4286 _d4286 |
||